000 00513nam a2200169Ia 4500
003 OSt
005 20200827101800.0
008 190216s9999||||xx |||||||||||||| ||und||
020 _a9788177226423
040 _coclc
082 _a657.0285536
_bAGR/T
100 _aAgrawal, Namrata
_94372
245 0 _aTally 7.2 Course Kit /
_cNamrata Agrawal ; Sanjay Kumar
260 _bDream Tech Press,
_aNew Delhi:
_c2006.
300 _a307p
942 _cBK
_2ddc
_h657.0285536
_iAGR/T
_k657.0285536
_mAGR/T
999 _c8882
_d8882